000 02037cam a22002414a 4500
005 20250605163955.0
008 250528s ||||||||||||||||||||||||d
035 _a15428
020 _a134864409
040 _aGR-AtMCL
_bgre
_dGR-AtMCL
_eAACR2
245 1 _aIntroductory Management Science / Fourth Edition
250 _a4th
260 _bPrentice Hall,
_c1993
300 _a894
505 0 _aPreface, Introduction: Models and Modelling, Deterministic Models, Linear Programming: Formal and Spreadsheet Models, Linear Programming: Geometric Representations and Graphical Solutions, Analysis of LP Models: The Graphical Approach, Linear Programming: The Simplex Method, Linear Programming: Special Applications, Integer and Quadratic Programming, Network Models, Inventory Control with Known Demand, Heuristics and Multiple Objectives and Goal Programming, Calculus Based Optimization and an Introduction to Nonlinear Programming, Probabilistic Models, Simulation, Decision Theory and Decision Trees, Project Management: PERT and CPM, Inventory Models with Probabilistic Demand, Queuing Models, Forecacting, Appendices, Index.
520 _aPreface, Introduction: Models and Modelling, Deterministic Models, Linear Programming: Formal and Spreadsheet Models, Linear Programming: Geometric Representations and Graphical Solutions, Analysis of LP Models: The Graphical Approach, Linear Programming: The Simplex Method, Linear Programming: Special Applications, Integer and Quadratic Programming, Network Models, Inventory Control with Known Demand, Heuristics and Multiple Objectives and Goal Programming, Calculus Based Optimization and an Introduction to Nonlinear Programming, Probabilistic Models, Simulation, Decision Theory and Decision Trees, Project Management: PERT and CPM, Inventory Models with Probabilistic Demand, Queuing Models, Forecacting, Appendices, Index.
700 1 _aEppen G.D
_91351
700 1 _aGould F.J
_91352
700 1 _aSchmidt C.P
_91353
942 _cBK
999 _c1008
_d1008